Responses for Show #87 - Tuesday, January 8, 1985

Contestants

[<< previous game]

Rosemary Lewis, a junior high school teacher originally from Doylestown, Pennsylvania

John Boegehold, a quality control inspector originally from Detroit, Michigan

Bill Klippel, a pricing specialist originally from Winnipeg, Manitoba, Canada

[next game >>]

Jeopardy! Round responses

NATURE
BASEBALL
HATS
THE BEATLES
DEMOCRATS
INITIALS
    $100 16
beetle

Bill
    $100 6
(Bill: What are the Braves?)

the Indians

BillJohn
    $100 23
(Bill: In your bonnet.)

in your cap

BillJohn
    $100 1
(John: What is Abbey Road?)
(Alex: They were called the [*] Beatles.)

silver

BillJohn
    $100 10
Gary Hart

John
    $100 11
west-southwest

John
    $200 17
(Bill: What is a...)

terrarium

BillJohn
    $200 7
the World Series

John
    $200 2
the Fifth Beatle

John
    $200 19
Woodrow Wilson

Rosemary
    $200 12
standing room only

John
    $300 18
(John: [No response.])

plumage

JohnRosemary
    $300 8
three balls, two strikes

John
    $300 3
nothing

John
    $300 20
Sam Rayburn

Rosemary
    $300 13
middle of the road

John
    $400 9
Most Valuable Player

Rosemary
    $400 4
Richard Starkey

John
    $400 21
(Bill: [No response.])

Henry "Scoop" Jackson

Bill
Triple Stumper
    $400 14
Bay Area Rapid Transit

Bill
    $500 24
[The end-of-round signal sounds.]

St. Louis Cardinals

John
    $500 5
"Lucy In The Sky With Diamonds"

Bill
    $500 22
(Alex: We've got less than a minute to go in the round.)
...
(Rosemary: What is Massachusetts?)

Kentucky

Rosemary
    $500 15
(Bill: A blank mind.)
(Alex: That look of panic that comes into some contestants' face.)

on-the-job training

BillJohn

Scores at the first commercial break (after clue 9):

Bill John Rosemary
$500 $1,400 $400

Scores at the end of the Jeopardy! Round:

Bill John Rosemary
-$200 $3,100 $700

Double Jeopardy! Round responses

THE BIBLE
ANATOMY
POLITICS
FICTION
"B" MOVIES
TRAVEL & TOURISM
    $200 1
(Rosemary: What are thorns?)
(Alex: Be more specific?)
(Rosemary: [*]?)

a crown of thorns

Rosemary
    $200 5
(Alex: They have [*] because it made it easier for the animators to work with them. That's why.)

4

Bill
    $200 2
the Lilliputians

Rosemary
    $200 8
Breathless

Rosemary
    $200 15
(Rosemary: Dark section, or near the bull.)

the shade

BillRosemary
    $400 4
(Bill: What are 2?)
(John: What are 4?)

7

BillJohn
Triple Stumper
    $400 6
(John: What is dandruff?)
...
(Alex: I don't know if [*] causes dandruff, by the way, but I thought it was a fun question, John.)

hardening of the arteries

JohnRosemary
    $400 3
["Alice-In-Wonderland" was displayed with hyphens on the clue screen.]

the White Rabbit

Bill
    $400 18
Beneath The Planet Of The Apes

John
    $400 16
(Alex: We have less than a minute to go in the round.)

the Changing of the Guard

Bill
    $600 13
(Alex: So that he could fight the Battle of Jericho. Who was [*]?)

Joshua

Triple Stumper
    $600 10
bone marrow

Bill
    $600 7
Robert Louis Stevenson

John
    $600 19
The Big Chill

Bill
    $600 17
Niagara

Rosemary
    $800 14
Job

Triple Stumper
    $400 11
(Bill: Your eyes?)
(Alex: Picture you, upon my [*]. They love it when I sing.)

knee

Bill
    $800 9
[Bill's response was drawn out.]
(Alex: Oh, Bill. You test me, sir, you test me.)

Fear of Flying

Bill
    $800 20
The Boston Strangler

John
    $800 22
(John: What is take pictures?)
[The end-of-round signal sounds.]

drink (it)

BillJohn
    $1000 12
(John: What is photosynthesis?)
(Bill: What is aging?)

metabolism

BillJohn
Triple Stumper
    $1000 21
The Bridges at Toko-Ri

Triple Stumper

Scores at the end of the Double Jeopardy! Round:

Bill John Rosemary
$2,000 $2,300 $2,100

[wagering suggestions for these scores]

Final Jeopardy! Round responses

EUROPEAN HISTORY
(Alex: Karl Doenitz was not elected chancellor; he became [*] upon the death of Adolf Hitler.)
BillWhat is Chancellor?
$0
RosemaryWhat is Chancellor?
$2,000
JohnWhat is chancellor?
$2,200
Fuhrer (or dictator)

Final scores:

Bill John Rosemary
$2,000 $100 $100
New champion: $2,000 2nd place: Yamaha electronic keyboard + vacation to Palm Springs 3rd place: Broyhill recliner

Game dynamics:

Coryat scores:

Bill John Rosemary
$2,400 $2,300 $2,600
12 R,
8 W
(including 1 DD)
17 R,
6 W
9 R,
2 W
(including 1 DD)

Combined Coryat: $7,300

[game clues] [game scores] [suggest correction]

Game tape date: 1984-10-10
The J! Archive is created by fans, for fans. Scraping, republication, monetization, and malicious use prohibited; this site may use cookies and collect identifying information. See terms. The Jeopardy! game show and all elements thereof, including but not limited to copyright and trademark thereto, are the property of Jeopardy Productions, Inc. and are protected under law. This website is not affiliated with, sponsored by, or operated by Jeopardy Productions, Inc. Join the discussion at JBoard.tv.